| 000 | 00732nam a22002057a 4500 | ||
|---|---|---|---|
| 003 | BD-DhUL | ||
| 005 | 20180103113004.0 | ||
| 008 | 161018b xxu||||| |||| 00| 0 eng d | ||
| 020 | _a817215481X | ||
| 040 | _cBD-DhUL | ||
| 082 |
_a891.44 _bGHJ |
||
| 100 | _4ঘোষ, শান্তিদেব | ||
| 245 |
_aজীবনের ধ্রুবতারা / _cঘোষ, শান্তিদেব |
||
| 260 |
_aঢাকা : _bআনন্দ, _c১৯৯৬. |
||
| 300 |
_a১৭৬ পৃ. ; _c২০ সেমি. |
||
| 650 |
_aইতিহাস _xHistory |
||
| 700 | _aঋতা চট্টোপাধ্যায় | ||
| 700 | _aবাসন্তী চট্টোপাধ্যায় | ||
| 942 |
_2ddc _cBK |
||
| 999 |
_c110883 _d110883 |
||